Makroekonomická situácia na Ukrajine Príloha

Výsledky stabilizačného programu, ktorý bol zavedený na Ukrajine. Ekonomický pokles v období 1990 - 1996. Menová stabilita. Ukazovatele úrovne nezamestnanosti. Vývoj HDP a inflácie na Ukrajine.

Uložené v:
Podrobná bibliografia
Hlavný autor: Guniš, R.
Médium: Kapitola
Jazyk:Slovak
Predmet:
Tagy: Pridať tag
Žiadne tagy, Buďte prvý, kto otaguje tento záznam!

MARC

LEADER 00000naa a2200000 4500
001 r028050
005 20230824093324.0
041 0 |a slo 
044 |a SK 
245 1 0 |a Makroekonomická situácia na Ukrajine  |b Príloha  |c R. Guniš 
520 |a Výsledky stabilizačného programu, ktorý bol zavedený na Ukrajine. Ekonomický pokles v období 1990 - 1996. Menová stabilita. Ukazovatele úrovne nezamestnanosti. Vývoj HDP a inflácie na Ukrajine. 
610 2 0 |a situácia hospodárska 
610 2 0 |a Ukrajina 
610 2 0 |a programy vládne 
610 2 0 |a stabilita hospodárstva 
610 2 0 |a stabilita meny 
610 2 0 |a vývoj hospodársky 
610 2 0 |a 1990-1996 
610 2 0 |a nezamestnanosť 
610 2 0 |a produkt domáci hrubý 
610 2 0 |a inflácia 
100 1 |a Guniš, R.